[Event "Druzynowe Mistrzostwa Polski Seniorow - II Liga"]
[Site "Szczyrk, CKiR Orle Gniazdo ul. Wrzosowa 28a "]
[Date "1899-12-30"]
[Round "2.16"]
[White "Bronowicki, Mateusz"]
[Black "Mazalon, Mariusz"]
[Result "1-0"]
[WhiteTitle "FM"]
[BlackTitle "k"]
[WhiteElo "2325"]
[BlackElo "2037"]

1. d4 Nf6 2. c4 g6 3. Nc3 Bg7 4. e4 O-O 5. Nf3 c6 6. e5 Ne8 7. Bf4 d6 8. Qd2 Bg4
9. Be2 dxe5 10. Bxe5 Nd7 11. Bxg7 Nxg7 12. h3 Bxf3 13. Bxf3 e5 14. d5 c5 15. g4
f5 16. O-O-O fxg4 17. Bxg4 Rf4 18. Qe2 Nf5 19. Bxf5 Rxf5 20. Ne4 Qh4 21. Kb1 Raf8
22. Rdg1 Rf4 23. Ng5 Rxf2 24. Qg4 Qxg4 25. hxg4 Nf6 26. Ne6 Rc8 27. Rf1 Rxf1+
28. Rxf1 Nd7 29. g5 b6 30. Kc2 Nf8 31. Kd3 Nxe6 32. dxe6 Re8 33. Rf6 Re7 34. Ke4
Kg7 35. Kxe5 h6 36. gxh6+ Kxh6 37. Kd6 Re8 38. e7 Kg7 39. Rf1 g5 40. Kd7 1-0

[Event "Druzynowe Mistrzostwa Polski Seniorow - II Liga"]
[Site "Szczyrk, CKiR Orle Gniazdo ul. Wrzosowa 28a "]
[Date "1899-12-30"]
[Round "2.17"]
[White "Halas, Przemyslaw"]
[Black "Stepien, Marcin"]
[Result "1-0"]
[WhiteTitle "I++"]
[BlackTitle "k+"]
[WhiteElo "1941"]
[BlackElo "2150"]

1. e4 d6 2. d4 Nf6 3. Nc3 e5 4. Nge2 Nbd7 5. f3 c6 6. Be3 Be7 7. g4 Qa5 8. Nc1
Nf8 9. Nb3 Qc7 10. Qd2 b5 11. a3 a6 12. dxe5 dxe5 13. Qf2 Ne6 14. Be2 h5 15. g5
Nd7 16. h4 a5 17. Rd1 a4 18. Nc1 b4 19. Nb1 bxa3 20. Nxa3 Rb8 21. Nc4 Ba6 22.
Nb6 Nxb6 23. Bxa6 Nd7 24. c3 Ndc5 25. Bc4 Qb7 26. Rd2 g6 27. Nd3 Nxd3+ 28. Bxd3
O-O 29. Bc4 Rfd8 30. Rxd8+ Rxd8 31. O-O Nf4 32. Qh2 Nd3 33. Rb1 Qc7 34. Qc2 Nc5
35. Rd1 Rb8 36. Rd2 Qc8 37. Kg2 Nb3 38. Rd1 Nc5 39. Qf2 Nxe4 40. Qc2 Qf5 41. Qxe4
Rxb2+ 42. Rd2 Qxe4 43. fxe4 Rb1 44. Rf2 Ba3 45. Rxf7 Kh8 46. Rf6 Kg7 47. Rxc6
Bb2 48. Bd5 a3 49. Bc5 Rd1 50. Bd6 Rxd5 51. exd5 a2 52. Bxe5+ Kf7 53. Ra6 a1=Q
54. Rxa1 Bxa1 55. Kf3 Bb2 56. Ke4 Ke7 57. c4 Ba3 58. Bd4 Bd6 59. Bf2 Bh2 60. c5
Kd7 61. Kf3 Be5 62. c6+ Kd8 63. Bg3 Bc3 64. d6 Ke8 65. Ke4 1-0

[Event "Druzynowe Mistrzostwa Polski Seniorow - II Liga"]
[Site "Szczyrk, CKiR Orle Gniazdo ul. Wrzosowa 28a "]
[Date "1899-12-30"]
[Round "2.18"]
[White "Zmarzly, Aleksandra"]
[Black "Miturova, Magdalena"]
[Result "0-1"]
[WhiteTitle "k+"]
[BlackTitle "WFM"]
[WhiteElo "1990"]
[BlackElo "2077"]

1. e4 e5 2. Nf3 Nc6 3. Bb5 a6 4. Bxc6 dxc6 5. Nc3 f6 6. d4 exd4 7. Qxd4 Qxd4 8.
Nxd4 Bd7 9. Bf4 O-O-O 10. O-O-O Re8 11. f3 Ne7 12. Bg3 h5 13. Nb3 Ng6 14. Bf2
b6 15. Rd2 Bd6 16. Kb1 Bf4 17. Rdd1 h4 18. g3 Be5 19. Ne2 c5 20. Nd2 Bb5 21. c4
Ba4 22. b3 Bc6 23. Kc2 Kb7 24. f4 Bd6 25. Nc3 f5 26. Rhe1 hxg3 27. hxg3 fxe4 28.
Ncxe4 Rh2 29. Nxd6+ cxd6 30. Rxe8 Bxe8 31. Ne4 Bc6 32. Nxd6+ Kc7 33. Rd2 Rxf2
34. Ne8+ Bxe8 35. Rxf2 Ne7 36. g4 g6 37. Rh2 Bd7 38. Rh4 Kd6 39. Kd3 Ke6 40. Ke4
Kf6 41. g5+ Ke6 42. Rh8 Kd6 43. Kd3 Nc6 44. Kc3 Nd4 45. Rf8 Bf5 46. Kd2 Ne6 47.
Rf6 Kc6 48. a3 b5 49. Ke3 a5 50. Rf7 a4 51. cxb5+ Kxb5 52. Rb7+ Kc6 53. Rb8 axb3
54. Rxb3 Nd4 55. Rc3 Nb5 56. Rb3 c4 57. Rb4 Nxa3 58. Ra4 Nc2+ 59. Kd2 Kb5 60.
Ra8 Nd4 61. Rb8+ Kc5 62. Re8 Ne6 63. Ke3 c3 64. Rc8+ Kb4 65. Rc6 c2 66. Rb6+ Kc4
67. Rc6+ Nc5 68. Kd2 Kb5 0-1

[Event "Druzynowe Mistrzostwa Polski Seniorow - II Liga"]
[Site "Szczyrk, CKiR Orle Gniazdo ul. Wrzosowa 28a "]
[Date "1899-12-30"]
[Round "2.19"]
[White "Choroszej, Aleksander"]
[Black "Hnydiuk, Aleksander"]
[Result "0-1"]
[WhiteTitle "k"]
[BlackTitle "IM"]
[WhiteElo "2082"]
[BlackElo "2375"]

1. d4 Nf6 2. c4 e6 3. Nc3 Bb4 4. e3 O-O 5. Bd3 c5 6. Nge2 cxd4 7. exd4 d5 8. cxd5
Nxd5 9. O-O Nc6 10. Be4 Nxc3 11. bxc3 Bd6 12. g3 Bd7 13. c4 b6 14. d5 exd5 15.
Qxd5 Be5 16. Ba3 Bxa1 17. Bxf8 Kxf8 18. Rxa1 Qe7 19. Nc3 Rc8 20. Qh5 Qe5 21. Qxe5
Nxe5 22. Nd5 Rxc4 23. Bg2 Ra4 24. Nc3 Ra3 25. Ne4 f6 26. Nd2 Be6 27. f4 Nd7 28.
Rc1 Rxa2 29. Nf3 Nc5 30. Nd4 Bd7 31. Bf1 Ra4 32. Nf3 Bc6 33. Nh4 Be4 34. Bg2 Bxg2
35. Nxg2 Ke7 36. Ne3 Ke6 37. Rc2 Ra1+ 38. Kf2 Nd3+ 39. Ke2 Nc5 40. Kf3 Ra3 41.
Rd2 Rd3 42. Ra2 a5 43. Rb2 Rb3 44. Rd2 a4 45. f5+ Ke7 46. Ke2 a3 47. Nc4 Ne4 48.
Rd4 Nc3+ 49. Kd2 a2 0-1

[Event "Druzynowe Mistrzostwa Polski Seniorow - II Liga"]
[Site "Szczyrk, CKiR Orle Gniazdo ul. Wrzosowa 28a "]
[Date "1899-12-30"]
[Round "2.20"]
[White "Kalinin, Oleg"]
[Black "Pazderski, Ziemowit"]
[Result "1/2-1/2"]
[WhiteTitle "IM"]
[BlackTitle "k+"]
[WhiteElo "2339"]
[BlackElo "2251"]

1. d4 Nf6 2. Nf3 e6 3. c4 b6 4. Nc3 Bb7 5. a3 Ne4 6. Nxe4 Bxe4 7. e3 Be7 8. Bd3
Bb7 9. e4 d6 10. O-O Nd7 11. b3 e5 12. d5 Nf8 13. Be3 Bc8 14. Qc1 h6 15. b4 g5
16. c5 Bd7 17. Qc2 Ng6 18. Rfc1 Nf4 19. Bf1 O-O 20. g3 Ng6 21. Bd3 Rc8 22. cxb6
cxb6 23. Qb3 g4 24. Nd2 Bg5 25. Nf1 h5 26. Rxc8 Bxc8 27. Rc1 Bd7 28. Bxg5 Qxg5
29. Rc7 Rd8 30. Qc2 a5 31. bxa5 bxa5 32. Qd2 Qxd2 33. Nxd2 Nf8 34. Nc4 Bb5 35.
Nxe5 Bxd3 36. Nxd3 Nh7 37. Ra7 Ng5 38. Rxa5 Rc8 39. Kf1 Nxe4 40. Ke2 Rc3 41. Ra8+
Kg7 42. a4 Ra3 43. Nf4 Kf6 44. Nxh5+ Ke5 45. Nf4 Kd4 46. a5 Ra2+ 47. Ke1 Ra1+
48. Ke2 Ra2+ 49. Ke1 Rxf2 50. h3 gxh3 51. Nxh3 Ra2 52. a6 Ra1+ 53. Ke2 Nxg3+ 54.
Kf3 Ra3+ 55. Kg2 Nf5 56. Ng5 Ne3+ 57. Kf2 Ng4+ 58. Kg2 Ne5 59. Rf8 Rxa6 60. Nxf7
Ra2+ 61. Kf1 Ra1+ 62. Ke2 Ra2+ 63. Kf1 Kxd5 64. Nxe5 Kxe5 65. Rf3 Ke4 66. Rh3
d5 67. Ke1 d4 68. Kd1 Ra1+ 1/2-1/2

[Event "Druzynowe Mistrzostwa Polski Seniorow - II Liga"]
[Site "Szczyrk, CKiR Orle Gniazdo ul. Wrzosowa 28a "]
[Date "1899-12-30"]
[Round "2.21"]
[White "Maciaga, Marcin"]
[Black "Walach, Marcin"]
[Result "0-1"]
[WhiteTitle "k+"]
[BlackTitle "FM"]
[WhiteElo "2134"]
[BlackElo "2328"]

1. d4 Nf6 2. c4 e5 3. dxe5 Ng4 4. Nf3 Bc5 5. e3 Nc6 6. Be2 Ngxe5 7. Nxe5 Nxe5 8.
Nc3 O-O 9. O-O a5 10. Na4 Ba7 11. c5 d6 12. cxd6 cxd6 13. e4 Be6 14. Nc3 f5 15.
Nb5 Bc5 16. Nd4 Qd7 17. exf5 Bxf5 18. Be3 Bg4 19. Nc2 Bxe2 20. Qxe2 Rae8 21. Rfd1
Qg4 22. Qxg4 Nxg4 23. Bxc5 dxc5 24. Rd2 Nf6 25. Re1 Rxe1+ 26. Nxe1 Re8 27. Nc2
Kf7 28. Ne3 b5 29. Kf1 g6 30. h3 Re4 31. Ke2 Ke6 32. Kd1 Rd4 33. Rxd4 cxd4 34.
Nf1 Kd5 35. Ke2 a4 36. Nd2 b4 37. g3 Nd7 38. f4 Nc5 39. g4 Ne4 40. Nf3 a3 41.
bxa3 bxa3 42. h4 Nc3+ 43. Kd3 Nxa2 44. Nxd4 Nc1+ 45. Ke3 a2 46. Nc2 Kc4 47. f5
gxf5 48. gxf5 Kc3 49. Na1 Nb3 50. f6 Nxa1 51. f7 Nc2+ 52. Ke4 a1=Q 53. f8=Q Qe1+
54. Kd5 Nb4+ 55. Kd6 Qxh4 56. Qf3+ Nd3 57. Ke6 Qh6+ 58. Ke7 Qg5+ 59. Ke6 Qe5+
60. Kd7 h5 61. Qh3 Qg5 62. Kd6 h4 63. Kd7 Qg4+ 64. Qxg4 Ne5+ 0-1

[Event "Druzynowe Mistrzostwa Polski Seniorow - II Liga"]
[Site "Szczyrk, CKiR Orle Gniazdo ul. Wrzosowa 28a "]
[Date "1899-12-30"]
[Round "2.22"]
[White "Osipow, Nikolaj"]
[Black "Staroszczyk, Mateusz"]
[Result "1-0"]
[WhiteTitle "k"]
[BlackTitle "I+"]
[WhiteElo "2143"]
[BlackElo "2004"]

1. d4 g6 2. Nf3 Bg7 3. c4 d6 4. Nc3 Nd7 5. h4 Ngf6 6. Bf4 c5 7. d5 Nh5 8. Bd2 Ndf6
9. e4 O-O 10. Be2 Bg4 11. Nh2 Bxe2 12. Qxe2 Ne8 13. g4 Nhf6 14. h5 a6 15. f4 Nd7
16. hxg6 fxg6 17. Nf3 Nc7 18. Ng5 h6 19. Ne6 Nxe6 20. dxe6 Nf6 21. e5 dxe5 22.
fxe5 Nh7 23. Nd5 g5 24. Qe4 Kh8 25. O-O-O Rc8 26. Rh5 Rc6 27. Bxg5 Rxe6 28. Nf4
Nxg5 29. Rxd8 Rxd8 30. Qf5 Rc6 31. Qxg5 1-0

[Event "Druzynowe Mistrzostwa Polski Seniorow - II Liga"]
[Site "Szczyrk, CKiR Orle Gniazdo ul. Wrzosowa 28a "]
[Date "1899-12-30"]
[Round "2.23"]
[White "Krasiewicz, Robert"]
[Black "Knopik, Krzysztof"]
[Result "0-1"]
[WhiteTitle "k+"]
[BlackTitle "k"]
[WhiteElo "1990"]
[BlackElo "2125"]

1. d4 Nf6 2. c4 c5 3. d5 b5 4. cxb5 a6 5. bxa6 Bxa6 6. Nc3 d6 7. g3 g6 8. Bg2 Bg7
9. Nf3 O-O 10. O-O Qb6 11. Qc2 Nbd7 12. Rb1 Ng4 13. h3 Nge5 14. Nxe5 Nxe5 15.
b3 Rfc8 16. Bd2 Qa7 17. a4 Rab8 18. Kh2 Rc7 19. f4 Nd7 20. Bf3 Rcb7 21. Na2 Qb6
22. Kg2 Rc7 23. Rfc1 Rbc8 24. Bc3 Bxc3 25. Qxc3 Qa7 26. h4 Bb7 27. Qe3 Nf6 28.
Nc3 Qa8 29. Rd1 Qa5 30. g4 Ba6 31. g5 Ne8 32. h5 Ng7 33. hxg6 hxg6 34. Bg4 Rb8
35. Rh1 Bc8 36. Bxc8 Rcxc8 37. Rh3 Qb4 38. Rbh1 Nh5 39. Nb5 Kg7 40. Rh4 c4 41.
Qd4+ f6 42. Qe4 Rb7 43. Rxh5 gxh5 44. Qf5 Rh8 0-1

[Event "Druzynowe Mistrzostwa Polski Seniorow - II Liga"]
[Site "Szczyrk, CKiR Orle Gniazdo ul. Wrzosowa 28a "]
[Date "1899-12-30"]
[Round "2.24"]
[White "Gonsior, Monika"]
[Black "Starczewska, Malgorzata"]
[Result "1-0"]
[WhiteTitle "m"]
[BlackTitle "k"]
[WhiteElo "1992"]
[BlackElo "1781"]

1. e4 d5 2. exd5 Qxd5 3. Nc3 Qa5 4. Nf3 Bg4 5. Be2 Nf6 6. O-O Nc6 7. d3 O-O-O 8.
Ng5 Ne5 9. Bf4 Rd4 10. Bxe5 Qxe5 11. Nxf7 Qf4 12. Nxh8 e6 13. Qc1 Qe5 14. Qe3
Qh5 15. Bxg4 Rxg4 16. Qxe6+ Kb8 17. Ne4 Nxe4 18. dxe4 a6 19. Qf5 Qh3 20. Qxf8+
Ka7 21. Qc5+ Kb8 22. g3 b6 23. Qf8+ Kb7 24. Qf3 Rg5 25. Qg2 Qe6 26. f4 Rb5 27.
e5+ Ka7 28. c4 Qxc4 29. Rac1 Qd4+ 30. Qf2 Qd7 31. Rfd1 Qe7 32. Qd4 a5 33. a4 Rb4
34. Rc4 g5 35. Rxb4 axb4 36. a5 gxf4 37. axb6+ cxb6 38. Qd7+ Qxd7 39. Rxd7+ Ka6
40. gxf4 Kb5 41. e6 1-0

[Event "Druzynowe Mistrzostwa Polski Seniorow - II Liga"]
[Site "Szczyrk, CKiR Orle Gniazdo ul. Wrzosowa 28a "]
[Date "1899-12-30"]
[Round "2.25"]
[White "Wandzik, Wojciech"]
[Black "Witek, Tomasz"]
[Result "1-0"]
[WhiteTitle "m"]
[BlackTitle "k"]
[WhiteElo "2314"]
[BlackElo "2078"]

1. e4 e6 2. d4 d5 3. Nd2 c5 4. exd5 exd5 5. Ngf3 Nf6 6. Bb5+ Nc6 7. O-O Be7 8.
dxc5 O-O 9. Nb3 Ne4 10. Be3 Bg4 11. Be2 Rc8 12. Nfd2 Bf5 13. c3 Ne5 14. Nd4 Bg6
15. Nxe4 Bxe4 16. b4 Nc4 17. Bf4 Bg5 18. Qc1 Bh4 19. Re1 Qf6 20. Bxc4 1-0

[Event "Druzynowe Mistrzostwa Polski Seniorow - II Liga"]
[Site "Szczyrk, CKiR Orle Gniazdo ul. Wrzosowa 28a "]
[Date "1899-12-30"]
[Round "2.26"]
[White "Reza, Wojciech"]
[Black "Mroziak, Maciej"]
[Result "0-1"]
[WhiteTitle "I++"]
[BlackTitle "k+"]
[WhiteElo "2178"]
[BlackElo "2322"]

1. d4 Nf6 2. c4 g6 3. Nc3 d5 4. cxd5 Nxd5 5. e4 Nxc3 6. bxc3 Bg7 7. Nf3 c5 8. Rb1
O-O 9. Be2 Nc6 10. d5 Ne5 11. Nxe5 Bxe5 12. Qd2 e6 13. f4 Bc7 14. O-O exd5 15.
exd5 Ba5 16. d6 b6 17. Bf3 Rb8 18. Bb2 Be6 19. Rbd1 Qd7 20. f5 Bxf5 21. Qf4 c4
22. Qxc4 Rbc8 23. Qd4 b5 24. Kh1 Rc4 25. Qd2 Rfc8 26. Rfe1 Be6 27. Re3 Bb6 28.
Re5 Ba5 29. Be2 R4c5 30. Rxc5 Rxc5 31. Qe3 Rf5 32. Qe4 Bd8 33. c4 bxc4 34. Bxc4
Qa4 35. Re1 Qb4 36. g4 Rf2 37. Bxe6 Qxb2 38. Bxf7+ Rxf7 39. Qe8+ Rf8 40. Qe6+
Kg7 41. Qd7+ Kh8 42. Qxa7 Qd2 43. Qe3 Rf1+ 0-1

[Event "Druzynowe Mistrzostwa Polski Seniorow - II Liga"]
[Site "Szczyrk, CKiR Orle Gniazdo ul. Wrzosowa 28a "]
[Date "1899-12-30"]
[Round "2.27"]
[White "Wojciechowski, Piotr"]
[Black "Puczylowski, Marcin"]
[Result "1-0"]
[WhiteTitle "m"]
[BlackTitle "I++"]
[WhiteElo "2296"]
[BlackElo "2068"]

1. e4 e5 2. Nf3 Nc6 3. Bb5 Nge7 4. d4 exd4 5. Nxd4 Nxd4 6. Qxd4 a6 7. Ba4 b5 8.
Bb3 d6 9. c4 Be6 10. Be3 Nc6 11. Qd1 Na5 12. Nd2 Nxb3 13. axb3 Be7 14. O-O O-O
15. f4 f5 16. Qe2 Qd7 17. Bd4 c5 18. Be3 fxe4 19. Nxe4 Qc6 20. Ng3 Rae8 21. f5
Bf7 22. Qd2 Bf6 23. Bg5 Bd4+ 24. Kh1 bxc4 25. f6 cxb3 26. Nf5 gxf6 27. Nh6+ Kg7
28. Nf5+ Kg8 29. Nxd4 cxd4 30. Bh6 Qc2 31. Qxd4 Re5 32. Bxf8 Qg6 33. Bxd6 Bd5
34. Rf2 Rg5 35. Bg3 h5 36. Rxf6 Qg7 37. Raf1 1-0

[Event "Druzynowe Mistrzostwa Polski Seniorow - II Liga"]
[Site "Szczyrk, CKiR Orle Gniazdo ul. Wrzosowa 28a "]
[Date "1899-12-30"]
[Round "2.28"]
[White "Kasperek, Ryszard"]
[Black "Majcher, Marcin"]
[Result "0-1"]
[WhiteTitle "m"]
[BlackTitle "k+"]
[WhiteElo "2189"]
[BlackElo "2222"]

1. e4 c5 2. Nf3 e6 3. d4 cxd4 4. Nxd4 Nc6 5. Nc3 Qc7 6. Be2 Nf6 7. O-O a6 8. Be3
Be7 9. f4 d6 10. a4 O-O 11. Kh1 Re8 12. Bf3 Bd7 13. Nb3 Nb4 14. g4 Bc6 15. g5
Nd7 16. Nd4 d5 17. e5 Nb6 18. b3 Bd7 19. Nce2 Nc6 20. a5 Nc8 21. Qe1 b6 22. Nxc6
Bxc6 23. Nd4 Bc5 24. Nxc6 Qxc6 25. Qc3 Ne7 26. axb6 Bxe3 27. Qxe3 Reb8 28. Ra2
Rxb6 29. Rfa1 g6 30. c4 Rab8 31. Ra3 Qb7 32. cxd5 Nxd5 33. Qd2 Rxb3 34. Rxb3 Qxb3
35. Bxd5 exd5 36. Qe2 d4 37. Rd1 Rd8 38. Qd3 Qd5+ 39. Kg1 a5 40. Kf2 Qc5 41. Rb1
a4 42. Rb5 Qa7 43. Rb2 a3 44. Ra2 Ra8 45. Kf3 Qc5 46. Ke2 Kg7 47. Qb3 Qc1 0-1

[Event "Druzynowe Mistrzostwa Polski Seniorow - II Liga"]
[Site "Szczyrk, CKiR Orle Gniazdo ul. Wrzosowa 28a "]
[Date "1899-12-30"]
[Round "2.30"]
[White "Kasperek, Joanna"]
[Black "Szydlowska-duda, Marta"]
[Result "1-0"]
[WhiteTitle "k+"]
[BlackTitle "k"]
[WhiteElo "2003"]
[BlackElo "2009"]

1. e4 c6 2. d4 d5 3. exd5 cxd5 4. c4 Nf6 5. Nc3 Nc6 6. Nf3 Bg4 7. Be3 e6 8. c5
Qa5 9. Qb3 Qb4 10. Bb5 Qxb3 11. axb3 Bxf3 12. gxf3 Kd7 13. Bxc6+ bxc6 14. Ra6
Be7 15. O-O Rhb8 16. Rfa1 Rxb3 17. Na4 Rd8 18. Rxa7+ Ke8 19. Bf4 Kf8 20. Nb6 Ne8
21. Nd7+ Kg8 22. Ne5 Bf6 23. Nxc6 g5 24. Nxd8 gxf4 25. Nxf7 Bxd4 26. Nh6+ Kh8
27. Ra8 Kg7 28. Rxe8 Kxh6 29. Rxe6+ Kg5 30. Rd1 Kf5 31. Rd6 1-0

[Event "Druzynowe Mistrzostwa Polski Seniorow - II Liga"]
[Site "Szczyrk, CKiR Orle Gniazdo ul. Wrzosowa 28a "]
[Date "1899-12-30"]
[Round "2.31"]
[White "Skawinski, Arkadiusz"]
[Black "Watorek, Marcin"]
[Result "1-0"]
[WhiteTitle "FM"]
[BlackTitle "k"]
[WhiteElo "2300"]
[BlackElo "2085"]

1. e4 c5 2. c3 e6 3. d4 d5 4. e5 Nc6 5. Nf3 Bd7 6. a3 f6 7. Bd3 Qc7 8. O-O O-O-O
9. Qe2 h6 10. Nbd2 c4 11. Bc2 f5 12. b3 cxb3 13. Nxb3 g5 14. Nfd2 Be8 15. Rd1
Rh7 16. c4 Rhd7 17. c5 Rg7 18. Nb1 Nge7 19. Nc3 a6 20. Bd3 Kb8 21. a4 f4 22. Nb5
axb5 23. axb5 Nb4 24. Bb1 Qd7 25. c6 Nexc6 26. Ba3 Na7 27. b6 Nac6 28. Bd3 Bg6
29. Bb5 Qf7 30. Rdc1 Rc8 31. Bxb4 Bxb4 32. Qa2 Na5 33. Nxa5 Rxc1+ 34. Rxc1 f3
35. Nb3 Qe8 1-0

[Event "Druzynowe Mistrzostwa Polski Seniorow - II Liga"]
[Site "Szczyrk, CKiR Orle Gniazdo ul. Wrzosowa 28a "]
[Date "1899-12-30"]
[Round "2.32"]
[White "Adamowicz, Katarzyna"]
[Black "Nguyen, Piotr"]
[Result "1-0"]
[WhiteTitle "WFM"]
[BlackTitle "m"]
[WhiteElo "2163"]
[BlackElo "2325"]

1. e4 e6 2. d4 d5 3. Nc3 Bb4 4. e5 c5 5. a3 cxd4 6. Qxd4 Nc6 7. Qg4 Qa5 8. axb4
Qxa1 9. Kd1 Nge7 10. Nf3 d4 11. Nxd4 Nxd4 12. Qxd4 Bd7 13. Bd3 Rd8 14. Ke2 Bc6
15. Qg4 Ng6 16. b5 Bd5 17. Qb4 Bxg2 18. Rg1 Rd7 19. f4 b6 20. Be3 Qxg1 21. Bxg1
Ne7 22. Ne4 O-O 23. Nd6 Nc8 24. c4 Nxd6 25. exd6 Rfd8 26. c5 bxc5 27. Bxc5 f6
28. b6 axb6 29. Qxb6 Ra8 30. Ba6 Kf7 31. Qb5 Rdd8 32. d7 Rxa6 33. Qxa6 Rxd7 34.
Bd6 Bd5 35. b4 Kg6 36. Ke3 h6 37. Kd4 Kf5 38. Qd3+ Kg4 39. Qg3+ Kf5 40. h3 g5
41. Qd3+ 1-0

[Event "Druzynowe Mistrzostwa Polski Seniorow - II Liga"]
[Site "Szczyrk, CKiR Orle Gniazdo ul. Wrzosowa 28a "]
[Date "1899-12-30"]
[Round "2.33"]
[White "Plichta, Kamil"]
[Black "Lach, Piotr"]
[Result "1-0"]
[WhiteTitle "k++"]
[BlackTitle "k"]
[WhiteElo "2277"]
[BlackElo "2105"]

1. d4 f5 2. Bg5 g6 3. Nc3 Bg7 4. h4 h6 5. Bf4 Nf6 6. e3 d6 7. Qf3 Nh5 8. O-O-O
O-O 9. Nh3 Nc6 10. Bc4+ Kh8 11. Kb1 Bd7 12. Bh2 Na5 13. Bd3 c5 14. dxc5 Bc6 15.
Qe2 dxc5 16. g4 Qb6 17. Kc1 c4 18. Bxf5 gxf5 19. g5 Bxh1 20. Rxh1 Qg6 21. Rg1
Rg8 22. Nd5 Nc6 23. gxh6 Qxh6 24. Rg5 Nf6 25. Bf4 Nxd5 26. Rh5 Nxf4 27. Nxf4 e5
28. Ne6 Nd4 29. Rxh6+ Bxh6 30. Qh5 Rg1+ 31. Kd2 c3+ 32. bxc3 Nxe6 33. Qxh6+ Kg8
34. Qxe6+ Kh7 35. Qxf5+ Kh8 36. Qxe5+ Kh7 37. Qe4+ Kh8 38. Qxb7 Rd8+ 39. Ke2 Rgd1
40. f4 R1d2+ 41. Kf3 Rxc2 42. Qxa7 Rxc3 43. a4 Rcc8 44. h5 Ra8 45. Qe7 1-0

[Event "Druzynowe Mistrzostwa Polski Seniorow - II Liga"]
[Site "Szczyrk, CKiR Orle Gniazdo ul. Wrzosowa 28a "]
[Date "1899-12-30"]
[Round "2.34"]
[White "Kudas, Damian"]
[Black "Fengier, Winicjusz"]
[Result "1/2-1/2"]
[WhiteTitle "I++"]
[BlackTitle "I+"]
[WhiteElo "2067"]
[BlackElo "2067"]

1. d4 c5 2. d5 Nf6 3. c4 b5 4. cxb5 a6 5. b6 g6 6. Nc3 Bg7 7. Nf3 d6 8. e4 Qxb6
9. Be2 O-O 10. O-O a5 11. Nd2 Ba6 12. a4 Bxe2 13. Qxe2 Qa6 14. Nb5 Nbd7 15. Nc4
Nb6 16. Nxb6 Qxb6 17. Bg5 h6 18. Bh4 Qb7 19. f4 Ne8 20. Rad1 Nc7 21. Nxc7 Qxc7
22. f5 g5 23. Be1 Qd7 24. b3 Rfb8 25. Rd3 c4 26. bxc4 Qxa4 27. Bc3 Qxc4 28. Bxg7
Kxg7 29. f6+ exf6 30. Qf3 f5 31. Qxf5 Qxd3 32. Qxf7+ Kh8 33. Qf6+ Kh7 34. Qe7+
Kh8 35. Qf6+ Kh7 36. Qe7+ Kh8 37. Qf6+ Kh7 38. Qe7+ Kh8 39. Qf6+ Kh7 40. Qe7+
Kh8 1/2-1/2

[Event "Druzynowe Mistrzostwa Polski Seniorow - II Liga"]
[Site "Szczyrk, CKiR Orle Gniazdo ul. Wrzosowa 28a "]
[Date "1899-12-30"]
[Round "2.35"]
[White "Pietocha, Pawel"]
[Black "Platek, Michal"]
[Result "1-0"]
[WhiteTitle "I++"]
[BlackTitle "I"]
[WhiteElo "2071"]
[BlackElo "1942"]

1. e4 e6 2. d4 d5 3. Nd2 Nf6 4. e5 Nfd7 5. Bd3 c5 6. c3 Nc6 7. Ne2 Be7 8. O-O O-O
9. Nf3 a6 10. Bf4 b5 11. Rc1 Bb7 12. Bb1 Rc8 13. Qd3 g6 14. Qe3 cxd4 15. cxd4
Re8 16. Bg5 f6 17. exf6 Bxf6 18. Bxf6 Qxf6 19. Nf4 Nf8 20. Nd3 Nd7 21. Rfe1 Re7
22. Re2 Rce8 23. Nde5 Ndxe5 24. dxe5 Qg7 25. Qb6 Nd8 26. Nd4 Rf7 27. Rc3 Rfe7
28. a4 bxa4 29. Bc2 Rf8 30. Bxa4 Qh6 31. Ree3 Qh4 32. Rf3 Rxf3 33. Rxf3 Nf7 34.
Re3 Bc8 35. Qc5 Bb7 36. g3 Qg4 37. f3 Rc7 1-0

[Event "Druzynowe Mistrzostwa Polski Seniorow - II Liga"]
[Site "Szczyrk, CKiR Orle Gniazdo ul. Wrzosowa 28a "]
[Date "1899-12-30"]
[Round "2.36"]
[White "Chrzaszcz, Malvina"]
[Black "Leszner, Liliana"]
[Result "0-1"]
[WhiteTitle "k+"]
[BlackTitle "WIM"]
[WhiteElo "2030"]
[BlackElo "2025"]

1. e4 g6 2. d4 d6 3. Nc3 Bg7 4. Be3 c6 5. Qd2 Nd7 6. f3 b5 7. h4 h5 8. Nh3 Nb6
9. b3 Bxh3 10. Rxh3 Qc7 11. Bd3 Nf6 12. Ne2 Nfd7 13. c3 e5 14. Rc1 a5 15. f4 Nf6
16. fxe5 dxe5 17. dxe5 Ng4 18. e6 fxe6 19. Nf4 Be5 20. Nxg6 Bg3+ 21. Kd1 Rg8 22.
Bf4 Bxf4 23. Nxf4 Qe5 24. Kc2 a4 25. b4 O-O-O 26. Rf1 Nc4 27. Qe2 Nb6 28. Rg3
Rgf8 29. Rgf3 Rg8 30. g3 a3 31. Rb1 Kb7 32. Rb3 Ra8 33. Nh3 Rg7 34. Ng5 Qd6 35.
Rf1 Rd7 36. Rd1 Nc4 37. Bxc4 Qxd1+ 38. Qxd1 Ne3+ 0-1

[Event "Druzynowe Mistrzostwa Polski Seniorow - II Liga"]
[Site "Szczyrk, CKiR Orle Gniazdo ul. Wrzosowa 28a "]
[Date "1899-12-30"]
[Round "2.37"]
[White "Walter, Szymon"]
[Black "Krogulski, Grzegorz"]
[Result "1-0"]
[WhiteTitle "I++"]
[BlackTitle "m"]
[WhiteElo "2019"]
[BlackElo "2322"]

1. e4 c5 2. Nc3 e6 3. f4 a6 4. Nf3 d5 5. g3 d4 6. Ne2 Nc6 7. d3 Nf6 8. Bg2 Be7
9. O-O Qc7 10. h3 h5 11. Bd2 b6 12. Qe1 Bb7 13. Qf2 O-O-O 14. Ne5 Rhf8 15. c3
dxc3 16. Bxc3 Ne8 17. Rfd1 Nxe5 18. Bxe5 Bd6 19. d4 Bxe5 20. fxe5 c4 21. b3 f6
22. bxc4 Rf7 23. exf6 Nxf6 24. Qe3 Kb8 25. Rac1 Qc6 26. d5 exd5 27. cxd5 Qe8 28.
Qxb6 Rdd7 1-0

[Event "Druzynowe Mistrzostwa Polski Seniorow - II Liga"]
[Site "Szczyrk, CKiR Orle Gniazdo ul. Wrzosowa 28a "]
[Date "1899-12-30"]
[Round "2.38"]
[White "Sygulski, Boguslaw"]
[Black "Klepek, Witold"]
[Result "1-0"]
[WhiteTitle "IM"]
[BlackTitle "I+"]
[WhiteElo "2250"]
[BlackElo "1837"]

1. e4 c5 2. Nf3 e6 3. d4 cxd4 4. Nxd4 Nf6 5. Nc3 Nc6 6. Ndb5 Bb4 7. a3 Bxc3+ 8.
Nxc3 d5 9. exd5 exd5 10. Bd3 O-O 11. O-O d4 12. Ne2 Qd5 13. Nf4 Qd6 14. Bd2 Re8
15. Re1 Bd7 16. Nh5 Ne5 17. Bf4 Bg4 18. Rxe5 Bxd1 19. Rxe8+ Rxe8 20. Bxd6 Bxh5
21. Bc5 Bg6 22. Bxg6 fxg6 23. Bxd4 Re2 24. Rc1 Nd5 25. Kf1 Re4 26. Bxa7 Kf7 27.
Rd1 Nf6 28. Bd4 Re7 29. Bxf6 gxf6 30. Rd6 Rc7 31. c3 Ke7 32. Rb6 1-0

[Event "Druzynowe Mistrzostwa Polski Seniorow - II Liga"]
[Site "Szczyrk, CKiR Orle Gniazdo ul. Wrzosowa 28a "]
[Date "1899-12-30"]
[Round "2.39"]
[White "Dzierzak, Radoslaw"]
[Black "Markiewicz, Jerzy"]
[Result "1/2-1/2"]
[WhiteTitle "I++"]
[BlackTitle "FM"]
[WhiteElo "2006"]
[BlackElo "2207"]

1. e4 c5 2. Nf3 e6 3. d4 cxd4 4. Nxd4 a6 5. Nc3 Qc7 6. g3 Bb4 7. Nde2 Nf6 8. Bg2
d5 9. exd5 Nxd5 10. O-O Nxc3 11. Nxc3 Bxc3 12. bxc3 O-O 13. Rb1 Nc6 14. Qh5 e5
15. f4 g6 16. Qh6 Re8 17. f5 Qe7 18. f6 Qf8 19. Qh4 e4 20. Be3 Ne5 21. h3 Nf3+
22. Bxf3 exf3 23. Rxf3 Bd7 24. Qg5 h6 25. Qxh6 Qxh6 26. Bxh6 Bc6 27. Rf4 Rad8
28. Rh4 Rd5 29. g4 Re4 30. Bg7 Rh5 31. gxh5 Rxh4 32. Rd1 gxh5 33. Kh2 Re4 34.
Kg1 h4 35. Kf2 Rf4+ 36. Kg1 Kh7 37. Rd4 Re4 38. Kf2 Kg6 39. Rxe4 Bxe4 40. Bf8
Kxf6 41. Bc5 Bxc2 42. Kf3 Bf5 43. Kf4 Bxh3 44. Bf2 Ke6 45. Bxh4 Kd5 46. Bf6 Kc4
47. Ke3 Bf5 48. Kd2 b5 49. a3 Bb1 50. Be7 f5 51. Bb4 f4 52. Ke2 Be4 53. Ba5 1/2-1/2

[Event "Druzynowe Mistrzostwa Polski Seniorow - II Liga"]
[Site "Szczyrk, CKiR Orle Gniazdo ul. Wrzosowa 28a "]
[Date "1899-12-30"]
[Round "2.42"]
[White "Jalowiec, Halina"]
[Black "Wiatr, Maria"]
[Result "1-0"]
[WhiteTitle "WFM"]
[BlackTitle "I"]
[WhiteElo "1972"]
[BlackElo "1632"]

1. e4 e5 2. Nf3 Nf6 3. Nc3 Bb4 4. d3 Nc6 5. a3 Bxc3+ 6. bxc3 O-O 7. c4 d6 8. h3
Ne7 9. Be3 Nd7 10. g4 c6 11. Bg2 d5 12. O-O Qc7 13. Nh4 dxe4 14. Bxe4 Nf6 15.
Bg2 h6 16. Qf3 Nh7 17. Qg3 Qd6 18. d4 f6 19. Rfd1 Be6 20. Nf3 Rad8 21. c5 Qd7
22. dxe5 Qxd1+ 23. Rxd1 Rxd1+ 24. Kh2 Nd5 25. Nd4 Re8 26. exf6 Nhxf6 27. g5 hxg5
28. Nxe6 Rxe6 29. Bxg5 Rde1 30. c4 Ne7 31. Qb8+ Kh7 32. Qf4 Ng6 33. Qd4 R1e2 34.
Be3 Re1 35. Qd2 Ra1 36. Qd3 a6 37. Bf3 Ra2 38. Qb3 Ra1 39. Qb2 Re1 40. Qc3 Rb1
41. Qd3 Ra1 42. h4 Re5 43. Bd4 Rae1 44. Bc3 Kh6 45. Bxe1 Rxe1 46. Qd2+ 1-0